Scrabble - 3 Letter Words (A-G) - Statistics

General Stats
  • This quiz has been taken 32 times
  • The average score is 140 of 464
Answer Stats
Answer % Correct
ACE
74%
ALL
74%
ARE
74%
ART
74%
BED
74%
CAN
74%
CAT
70%
APE
67%
BAT
67%
CAR
67%
AGE
63%
BAN
63%
BAR
63%
BEE
63%
BET
63%
DOG
63%
ACT
59%
BAS
59%
BAY
59%
CAM
59%
EAT
59%
AND
56%
ANT
56%
BAM
56%
CAP
56%
DAD
56%
DAG
56%
DAY
56%
AAH
52%
AAL
52%
ATE
52%
BAD
52%
BAG
52%
BAW
52%
BEN
52%
BUT
52%
CAB
52%
DAB
52%
DAM
52%
FAN
52%
FAT
52%
GAB
52%
GET
52%
AAS
48%
ABS
48%
ADD
48%
AID
48%
AIM
48%
AWE
48%
AXE
48%
BEG
48%
BOO
48%
BOX
48%
CAD
48%
CAW
48%
CON
48%
DAN
48%
DAP
48%
DEW
48%
DOT
48%
EAR
48%
FIN
48%
FOR
48%
GAR
48%
GUN
48%
GUT
48%
ADO
44%
AIR
44%
ALE
44%
ANY
44%
ARM
44%
AYE
44%
BAO
44%
BAP
44%
BIN
44%
BIT
44%
BON
44%
BOT
44%
BUN
44%
CAY
44%
COR
44%
COT
44%
COW
44%
COY
44%
DAW
44%
DOL
44%
DOO
44%
DOR
44%
DOW
44%
DUE
44%
END
44%
FAD
44%
FED
44%
FIT
44%
FOG
44%
GAL
44%
GAP
44%
GAT
44%
GUM
44%
ABA
41%
AGO
41%
ARK
41%
ASK
41%
ASS
41%
BAH
41%
BEL
41%
BEY
41%
BID
41%
BIG
41%
BOA
41%
BOD
41%
BOG
41%
BOY
41%
BUG
41%
CAG
41%
CAL
41%
COB
41%
COD
41%
DAH
41%
DAS
41%
DEN
41%
DOE
41%
EEL
41%
FAM
41%
FAR
41%
FEE
41%
FEN
41%
GAD
41%
GAM
41%
GAS
41%
GAY
41%
GEL
41%
GEM
41%
GOT
41%
GUY
41%
ACH
37%
ACK
37%
AIL
37%
ALT
37%
APT
37%
ASH
37%
BAC
37%
BAL
37%
BOB
37%
BOP
37%
BUD
37%
CAF
37%
COG
37%
COL
37%
COP
37%
DAE
37%
DAK
37%
DAL
37%
DEE
37%
DIE
37%
DIM
37%
DIP
37%
DOB
37%
DOS
37%
DUD
37%
FAB
37%
FAG
37%
FAW
37%
FID
37%
FIG
37%
FUN
37%
GAN
37%
GEN
37%
GIN
37%
GUS
37%
ABB
33%
ABY
33%
ALP
33%
APP
33%
ARC
33%
ASP
33%
ATT
33%
AVE
33%
BAA
33%
BES
33%
BIB
33%
BIO
33%
BOS
33%
BOW
33%
BUM
33%
BUR
33%
BUS
33%
BUY
33%
COO
33%
CRY
33%
DEB
33%
DIG
33%
DIS
33%
DOC
33%
DON
33%
DOP
33%
DUM
33%
DUN
33%
EAS
33%
ELF
33%
ELM
33%
EYE
33%
FAS
33%
FAX
33%
FAY
33%
FER
33%
FEW
33%
FIB
33%
FIR
33%
FOO
33%
FOX
33%
GAG
33%
GAW
33%
GEE
33%
GIT
33%
GOD
33%
GUB
33%
GUL
33%
AHS
30%
AME
30%
ATS
30%
BAE
30%
BIS
30%
BOI
30%
CAA
30%
CEE
30%
COS
30%
CUT
30%
DIN
30%
DOD
30%
DOM
30%
DUB
30%
DUG
30%
DUO
30%
EAN
30%
EGG
30%
EGO
30%
ELL
30%
ERR
30%
FAP
30%
FAV
30%
FEY
30%
FEZ
30%
FIX
30%
FOP
30%
GED
30%
GER
30%
GIB
30%
GIG
30%
GOR
30%
GUP
30%
GUR
30%
GUV
30%
GYM
30%
ADS
26%
AFT
26%
AGS
26%
AHA
26%
AIN
26%
ALS
26%
AMI
26%
AMP
26%
ANE
26%
APO
26%
ARF
26%
BEZ
26%
BIZ
26%
BOH
26%
BOR
26%
CIG
26%
CIS
26%
CIT
26%
COX
26%
CUD
26%
CUE
26%
CUM
26%
CUP
26%
DEL
26%
DEP
26%
DID
26%
DOF
26%
DOX
26%
DRY
26%
EMU
26%
ERA
26%
EST
26%
EVE
26%
FAA
26%
FEG
26%
FEM
26%
FES
26%
FET
26%
FIL
26%
FON
26%
GAE
26%
GAU
26%
GID
26%
GIF
26%
ALB
22%
AMA
22%
ANA
22%
ANI
22%
ANN
22%
ANS
22%
ARB
22%
ARD
22%
ARS
22%
BOK
22%
BUB
22%
BYE
22%
CEL
22%
COZ
22%
CUB
22%
CUR
22%
DEF
22%
DEG
22%
DEV
22%
DEX
22%
DIT
22%
DIV
22%
DOH
22%
DOY
22%
DUP
22%
DUR
22%
DYE
22%
ELK
22%
ERE
22%
FAE
22%
FAH
22%
FEH
22%
FIE
22%
FOB
22%
FOE
22%
FRY
22%
FUR
22%
GAK
22%
GEO
22%
GEY
22%
GIE
22%
GOA
22%
GOB
22%
GON
22%
GOO
22%
GUE
22%
AFF
19%
AGA
19%
AIA
19%
AIT
19%
ARO
19%
ARY
19%
AUK
19%
CAZ
19%
CEP
19%
CID
19%
DEI
19%
DIF
19%
DUX
19%
ELS
19%
EME
19%
EMO
19%
ENG
19%
ENS
19%
ERG
19%
ERM
19%
ERN
19%
ERS
19%
EWE
19%
FUD
19%
GIO
19%
GIP
19%
GIS
19%
GOE
19%
GOS
19%
GOV
19%
ADZ
15%
AHI
15%
AIS
15%
AKE
15%
ALA
15%
ALU
15%
AVI
15%
AWL
15%
BRA
15%
BRO
15%
CHI
15%
DEY
15%
DIB
15%
DUH
15%
DUI
15%
EAU
15%
EBB
15%
EEN
15%
EMS
15%
ENE
15%
EON
15%
ESS
15%
ETA
15%
FEU
15%
FLY
15%
FOH
15%
FOU
15%
FOY
15%
GOX
15%
AJI
11%
AKA
11%
AMU
11%
AVA
11%
AVO
11%
AWA
11%
AYS
11%
CHA
11%
CHE
11%
CUZ
11%
EDS
11%
EKE
11%
ELT
11%
ERF
11%
ERK
11%
FIZ
11%
FUM
11%
GHI
11%
GNU
11%
AUE
7%
AWK
7%
AZO
7%
BYS
7%
ECO
7%
EEK
7%
EFS
7%
ELD
7%
FRO
7%
FUG
7%
AUA
4%
AWN
4%
BRU
4%
CRU
4%
ECH
4%
ECU
4%
EDH
4%
EFF
4%
EFT
4%
EHS
4%
ETH
4%
EVO
4%
FLU
4%
FUB
4%
GYP
4%
AUF
0%
AYU
0%
BRR
0%
CLY
0%
CWM
0%
DSO
0%
DZO
0%
EEW
0%
EIK
0%
EUK
0%
EWK
0%
EWT
0%
EWW
0%
EXO
0%
FRA
0%
GJU
0%
GRR
0%
No matching quizzes found
Score Distribution
Percent of People with Each Score
Percentile by Number Answered
Your Score History
You have not taken this quiz